000 00643nam a2200217Ia 4500
005 20221213142504.0
008 131103s9999 xx 000 0 und d
020 _a131955454
_c1.10 pds
040 _aLoreto College
041 _aEnglish
082 _a811.54
_bCUM-FRI
100 _aFriedman,Norman
245 _aE.E.Cummings
_b a collection of critical essays
_cedited by Norman Friedman
260 _aNew Jersey
_bPrentice - Hall
_c1972
300 _avi,185 p.
440 _aTwentieth Century Views
504 _aIncludes bibliographical references
650 _aCummings,Edward Estin,1894 - 1962
850 _aLCLIB
942 _cBK
999 _c11691
_d62170